Etude for percussion quartet
Bewaard in:
| Hoofdauteur: | |
|---|---|
| Formaat: | Muzikale score Boek |
| Taal: | Engels |
| Gepubliceerd in: |
Delray Beach
Meredith Music Publications
2001
|
| Onderwerpen: | |
| Tags: |
Voeg label toe
Geen labels, Wees de eerste die dit record labelt!
|
MARC
| LEADER | 00000ncm a2200000 a 4500 | ||
|---|---|---|---|
| 001 | UCH5978 | ||
| 003 | CL-VaPUC | ||
| 005 | 20220617091839.0 | ||
| 008 | 091105e20010000us |||||||||||||||||eng|d | ||
| 999 | |c 336970 |d 336968 | ||
| 040 | |c Pontificia Universidad Católica de Valparaíso | ||
| 082 | 0 | 4 | |a Pe785.14 WHA 2001 |2 21 |
| 100 | 0 | |a Whaley, Garwood |e author |9 542385 | |
| 245 | 1 | 0 | |a Etude for percussion quartet |
| 260 | |a Delray Beach |b Meredith Music Publications |c 2001 | ||
| 300 | |a Paginación irregular | ||
| 583 | |a last modification |c 20171218 01:03:58 |k Rodrigo Vera | ||
| 650 | 0 | |a Cuartetos |2 CL-VaPUC |9 459601 | |
| 650 | 0 | |a Instrumentos de percusión |9 331791 | |
| 650 | 0 | |a Partituras |9 324008 | |
| 650 | 0 | |a Técnicas de ejecución |2 CL-VaPUC |9 323937 | |
| 942 | |c BK |2 ddc | ||
| 945 | |d 20091105 00:00:00 |a dcastane | ||
| 952 | |0 0 |1 0 |2 ddc |4 0 |6 PE_785_140000000000000_WHA_2001 |7 0 |8 X |9 429053 |a BIBEDU |b BIBEDU |d 2019-11-22 |i 4615492 |o Pe785.14 WHA 2001 |p 4615492 |r 2023-11-22 |w 2019-11-22 |y PA |k MUS | ||